هذه هى اليمن / (رقم التسجيلة. 115068)

تفاصيل مارك
000 -LEADER
fixed length control field 009140000a22002530004500
003 - CONTROL NUMBER IDENTIFIER
control field EG-GiCUC
008 - FIXED-LENGTH DATA ELEMENTS--GENERAL INFORMATION
fixed length control field 091022s1979 le b g 000 0 ara d
040 ## - CATALOGING SOURCE
Original cataloging agency EG-GiCUC
Language of cataloging ara
Transcribing agency EG-GiCUC
043 ## - GEOGRAPHIC AREA CODE
Geographic area code a-ye---
092 04 - LOCALLY ASSIGNED DEWEY CALL NUMBER (OCLC)
Classification number 953.2
Item number T368 1979
Edition number 21
099 ## - LOCAL FREE-TEXT CALL NUMBER (OCLC)
Classification number 04
-- 953.2 T368 1979
100 1# - MAIN ENTRY--PERSONAL NAME
Personal name الثور : عبدالله احمد محمد
245 10 - TITLE STATEMENT
Title هذه هى اليمن /
Statement of responsibility, etc. عبدالله احمد محمد الثور
250 ## - EDITION STATEMENT
Edition statement ط2
260 ## - PUBLICATION, DISTRIBUTION, ETC.
Place of publication, distribution, etc. بيروت :
Name of publisher, distributor, etc. دار العودة :
Date of publication, distribution, etc. 1979
300 ## - PHYSICAL DESCRIPTION
Extent 534ص :
Other physical details خرائط ؛
Dimensions 24سم
651 #7 - SUBJECT ADDED ENTRY--GEOGRAPHIC NAME
Geographic name اليمن
General subdivision العلاقات الخارجية
Source of heading or term qrmak
651 #7 - SUBJECT ADDED ENTRY--GEOGRAPHIC NAME
Geographic name اليمن
General subdivision تاريخ
Source of heading or term qrmak
902 ## - LOCAL DATA ELEMENT B, LDB (RLIN)
No. of Items 2
905 ## - LOCAL DATA ELEMENT E, LDE (RLIN)
Cataloger ابراهيم
Reviser مدخل
905 ## - LOCAL DATA ELEMENT E, LDE (RLIN)
Cataloger جيهان
Reviser مراجع
942 ## - ADDED ENTRY ELEMENTS (KOHA)
Source of classification or shelving scheme Dewey Decimal Classification
Koha item type Books
المقتنيات
Source of classification or shelving scheme Not for loan Home library Current library Date acquired Full call number Barcode Date last seen Copy number Koha item type
Dewey Decimal Classification   المكتبة المركزبة الجديدة - جامعة القاهرة قاعة الانسانيات - الدور الثاني 11.02.2024 953.2 T368 1979 01000100123396000 23.09.2023 C.1 Books
Dewey Decimal Classification   المكتبة المركزبة الجديدة - جامعة القاهرة قاعة الانسانيات - الدور الثاني 11.02.2024 953.2 T368 1979 01000100123397000 23.09.2023 C.2 Books
Dewey Decimal Classification   المكتبة المركزبة الجديدة - جامعة القاهرة مخزن الكتب - البدروم 11.02.2024 953.2 T368 1979 c.3 Store 01000100127239000 23.09.2023 C.1 Books
Cairo University Libraries Portal Implemented & Customized by: Eng. M. Mohamady Contacts: new-lib@cl.cu.edu.eg | cnul@cl.cu.edu.eg
CUCL logo CNUL logo
© All rights reserved — Cairo University Libraries
CUCL logo
Implemented & Customized by: Eng. M. Mohamady Contact: new-lib@cl.cu.edu.eg © All rights reserved — New Central Library
CNUL logo
Implemented & Customized by: Eng. M. Mohamady Contact: cnul@cl.cu.edu.eg © All rights reserved — Cairo National University Library